| 000 | 02471nam a22003017a 4500 | ||
|---|---|---|---|
| 001 | 8621 | ||
| 003 | FISKH | ||
| 005 | 20251006122249.0 | ||
| 008 | 251006b cb ||||| |||| 00| 0 eng d | ||
| 020 | _a9789996301230 | ||
| 040 |
_aFISKH _bkhr _cFISKH _dFISKH |
||
| 050 | _aPZ7 | ||
| 100 | _aTongleang, Noeun | ||
| 245 |
_aត្រចៀក មាត់ និងដៃ : _bEar, mouth, and hands / _cនិពន្ធដោយ នឿន តុងលាង , កែសម្រួលដោយ អ្នកស្រី គឹមស៊ុន សុធារី , លោក ធី ចាន់ថន និង កញ្ញា ហេង ចរិយា |
||
| 260 |
_aPhnom Penh : _bReading Books , _c2010. |
||
| 300 |
_a20 pages : _bcolor illutrations ; _c25 cm . |
||
| 490 | _aពិភពរឿងនិទាន | ||
| 505 | _aJ | ||
| 520 | _aរឿងនិទាននេះមានគោលបំណងបណ្តុះបណ្តាលកុមារអោយដឹងពីវិធីថែរក្សាត្រចៀករបស់ខ្លួនឲ្យមានសុវត្ថិភាព ដោយមិនអោយទឹកចូលត្រចៀក មិនប្រើរបស់រឹងៗដូចជាសំឡីសំអាតត្រចៀក ហើយមិនគួរនៅក្បែរកន្លែងដែលមានសម្លេងរំខានខ្លាំងពេក ព្រោះអាចគ្រោះថ្នាក់ដល់ត្រចៀកបាន ។ រឿងនេះក៏បង្រៀនកុមារឲ្យលាងដៃឲ្យស្អាតមុនពេលកាន់ចំណី និងដុសធ្មេញបន្ទាប់ពីបរិភោគផងដែរ។ | ||
| 520 | _aThis story is aimed at educating the children on how to keep their ear safe by not letting fluids penetrating the ear , cleaning them with any stick or exposing them to strong noise because it may impar the hearing . The story also teaches the children to wash their hands before they hold food and clean their teeth after meal . | ||
| 521 | 8 |
_a500
_bLexile estimate |
|
| 521 | 8 |
_aJ
_bRaz-Plus |
|
| 650 |
_aត្រចៀក មាត់ និងដៃ _vរឿងនិទានកុមារ |
||
| 650 |
_aEar, mouth and hands _vChildren's Stories |
||
| 700 |
_aBunthorn, Theak _eIllustrator |
||
| 942 |
_2ddc _cKHB _n0 |
||
| 999 |
_c8621 _d8621 |
||